书目信息 |
| 题名: |
微生物学教程
|
|
| 作者: | 周德庆 编著 | |
| 分册: | ||
| 出版信息: | 北京 高等教育出版社 2020.04 |
|
| 页数: | 373页 | |
| 开本: | 20cm | |
| 丛书名: | ||
| 单 册: | ||
| 中图分类: | Q93 | |
| 科图分类: | ||
| 主题词: | 微生物学 | |
| 电子资源: | ||
| ISBN: | 7-04-052197-0 | |
| 000 | 00571nam0 2200193 450 | |
| 001 | 2355826263 | |
| 005 | 20230216153419.42 | |
| 010 | @a7-04-052197-0@dCNY52.00 | |
| 100 | @a20230216d2020 km y0chiy0120 ea | |
| 101 | 0 | @achi |
| 102 | @aCN@b110000 | |
| 200 | 1 | @a微生物学教程@AWei Sheng Wu Xue Jiao Cheng@f周德庆编著@FZhou De Qing Bian Zhu |
| 210 | @a北京@c高等教育出版社@d2020.04 | |
| 215 | @a373页@d20cm | |
| 606 | 0 | @a微生物学 |
| 690 | @aQ93@v4 | |
| 701 | 0 | @a周德庆@AZhou De Qing@4编著 |
| 801 | 0 | @aCN@b大连网信软件有限公司图书馆·11@c20230216 |
| 905 | @aZUCC@dQ93@e125=4 | |
| 微生物学教程/周德庆编著.-北京:高等教育出版社,2020.04 |
| 373页;20cm |
| ISBN 7-04-052197-0:CNY52.00 |
| ● |
| 相关链接 |
|
|
|
|
正题名:微生物学教程
索取号:Q93/125=4
 
预约/预借
| 序号 | 登录号 | 条形码 | 馆藏地/架位号 | 状态 | 备注 |
| 1 | 1052706 | 210527063 | 第二样本阅览室/ [索取号:Q93/125=4] | 在馆 |